000 00674nam a2200253Ia 4500
005 20260121161147.0
008 008 260114s9999 xx 000 0 eng d
020 _a9781315597836
037 _aEBOOK
040 _aCRL
040 _beng
040 _cCRL
041 _2eng
041 _aeng
084 _qCRL
100 _aRobert Lee
_91040947
245 0 _aNetworks of Influence and Power:Business, Culture and Identity in Liverpool's Merchant Community, c.1800 to 1914
260 _bTaylor and Francis
260 _c2024
856 _uhttp://www.taylorfrancis.com/books/9781315597836
942 _cEBOOK
999 _c1607763
_d1607763